000 00324nam a2200121 i 4500
001 bg
245 0 _aWspółczesne tendencje kształtowania terenów mieszkaniowych w świetle teorii i praktyki.
260 _aWrocław,
_c1991.
040 _cBPK
041 _apol
942 _cKS
008 s pl f |000 0 pol
999 _c29490
_d29490
856 _uhttp://koha.tu.koszalin.pl/cgi-bin/koha/opac-detail.pl?biblionumber=29490
_yKatalog online BPK